Catalonia Tourists by Country of Origin - Statistics

General Stats
  • This quiz has been taken 181 times
  • The average score is 13 of 16
Answer Stats
Tourists Country % Correct
3,4M France
99%
1,4M United Kingdom
98%
1,2M Germany
97%
1M Italy
95%
24K China
93%
59K Japan
88%
1,1M USA
86%
147K Canada
79%
661K Netherlands
79%
160K Portugal
77%
125K Russia
76%
125K Argentina
75%
322K Belgium
75%
344K Ireland
70%
132K Brazil
68%
305K Switzerland
62%
No matching quizzes found
Score Distribution
Percent of People with Each Score
Percentile by Number Answered
Your Score History
You have not taken this quiz